Educational Psychology (Record no. 211919)

MARC details
000 -LEADER
fixed length control field 00636nam a2200205 4500
005 - DATE AND TIME OF LATEST TRANSACTION
control field 20250624122132.0
010 ## - LCCN (DPL NO)
LC control number ENG-145397
020 ## - INTERNATIONAL STANDARD BOOK NUMBER
International Standard Book Number 9789361631856
Terms of availability 300.00
035 ## - SYSTEM CONTROL NUMBER
System control number EN-128929
037 ## - SOURCE OF ACQUISITION
Source of stock number/acquisition DBAD
082 ## - DEWEY DECIMAL CLASSIFICATION NUMBER
Classification number 370.15
Edition number 1
100 ## - MAIN ENTRY--PERSONAL NAME
Personal name V. Karthika Rani
245 ## - TITLE STATEMENT
Title Educational Psychology
Statement of responsibility, etc V. Karthika Rani [and] R. Dhamotharan
250 ## - EDITION STATEMENT
Edition statement 1
260 ## - PUBLICATION, DISTRIBUTION, ETC. (IMPRINT)
Place of publication, distribution, etc Madurai
Name of publisher, distributor, etc Shanlax Publications
Date of publication, distribution, etc 2024
270 ## - ADDRESS
Address 61,66 Vasantha Nagar
City Madurai
Postal code 625003
Electronic mail address shanlaxpublications@gmail.com
300 ## - PHYSICAL DESCRIPTION
Extent 213p.
Dimensions 22cm(Pb)
700 ## - ADDED ENTRY--PERSONAL NAME
Personal name Dhamotharan, R.
Relator term Author
9 (RLIN) 82281
942 ## - ADDED ENTRY ELEMENTS (KOHA)
Source of classification or shelving scheme Dewey Decimal Classification
Item type English Books
Classification part 370.15
Call number suffix KAR
Holdings
Withdrawn status Lost status Not for loan Collection code Home library Current library Date acquired Source of acquisition Cost, normal purchase price Full call number Barcode Copy number Cost, replacement price Koha item type
      Non-fiction D.B.Act.Division D.B.Act.Division 24/06/2025 Delivery of Books Act Division 300.00 370.15 KAR EN-128929 1 300.00 English Books

© Delhi Public Library
Hit Counter
free hit counter